00849naa#a2200169#i#4500001002300000005001700023011001400040100004100054102000700095200023900102210016900341215001000510608004500520675007000565700003000635856001400665RU\INFRA-M\bibl\12253220260517115815.7##a2306-1731##a20260331b2026####ek#y0rusy0150####ca##aRU1#aОсобенности субъективной витальности психологов: связь с возрастом и стажем профессиональной деятельностиeЖурнальная статья1#aМоскваcОбщество с ограниченной ответственностью «Научно-издательский центр ИНФРА-М»d2026##a8 с.##aЖурнальная статья2local##aПсихологические исследования. 159.9.07#1aМальцеваgТ. В.4#azh-szf.ru